000
00304nam a22001337a 4500
008
180126b xxu||||| |||| 00| 0 eng d
020
_a
0840346379
041
_a
eng
080
_2
6th
_a
612.39
100
_a
10
101
_a
NUT
245
_a
Animal feeding and nutrition
_c
Jurgens,M.H
942
_2
udc
_c
BK
999
_c
40988
_d
40988